| 000 | 01222nam a22002057a 4500 | ||
|---|---|---|---|
| 003 | OSt | ||
| 005 | 20251117162420.0 | ||
| 008 | 251117b |||||||| |||| 00| 0 eng d | ||
| 040 | _cDCL | ||
| 082 | _a၂၉၄.၃၈၂၃၁၁ | ||
| 130 |
_aတိပိဋက။ _pသုတ္တန္တပိဋက။ _pဒီဃနိကာယ။ _tသီလက္ခန္ဓဝဂ္ဂ၊ _lအဋ္ဌကထာ၊ _sနိဿယ။ |
||
| 245 |
_aသုတ်သီလက္ခန် အဋ္ဌကထာနိဿယ၊ _nဒုတိယတွဲ / _cအရှင်အရိယာလင်္ကာရထေရ်။ |
||
| 250 | _aဒုတိယအကြိမ်။ | ||
| 264 |
_aရန်ကုန် ၊ _bဣစ္ဆာသပိဋကတ်စာ ပုံနှိပ်တိုက်၊ _c၁၉၇၂။ |
||
| 300 |
_aဇ၊ ၅၅၉ စာမျက်နှာ ၊ _c၂၅ စင်တီ။ |
||
| 650 |
_aသုတ်သီလက္ခန် _vအဋ္ဌကထာ နိဿယ။ |
||
| 650 |
_aသီလက္ခန္ဓဝဂ္ဂ _vအဋ္ဌကထာ နိဿယ။ |
||
| 700 | _aအရိယာလင်္ကာရထေရ်၊ အရှင်။ | ||
| 942 |
_2ddc _cSHORT TERM _n0 |
||
| 999 |
_c2516 _d2516 |
||